Zlato a zlaté mince
Možnosti investovania do zlata. Investície vložené do drahých kovov – výhody a riziká.
Gespeichert in:
| 1. Verfasser: | |
|---|---|
| Weitere Verfasser: | |
| Format: | Buchkapitel |
| Sprache: | Tschechisch |
| Schlagworte: | |
| Tags: |
Keine Tags, Fügen Sie das erste Tag hinzu!
|
MARC
| LEADER | 00000naa a2200000 4500 | ||
|---|---|---|---|
| 001 | 0220196 | ||
| 005 | 20240502083547.4 | ||
| 041 | 0 | |a cze | |
| 044 | |a CZ | ||
| 245 | 1 | 0 | |a Zlato a zlaté mince |c Pavel Škriniar, Miroslav Kmeťko |
| 520 | |a Možnosti investovania do zlata. Investície vložené do drahých kovov – výhody a riziká. | ||
| 610 | 2 | 0 | |a kapitál peňažný |
| 610 | 2 | 0 | |a investície |
| 610 | 2 | 0 | |a investovanie |
| 610 | 2 | 0 | |a kovy drahé |
| 610 | 2 | 0 | |a zlato |
| 610 | 2 | 0 | |a stratégia investičná |
| 610 | 2 | 0 | |a predaj |
| 610 | 2 | 0 | |a nákup |
| 610 | 2 | 0 | |a riziko |
| 610 | 2 | 0 | |a cena zlata |
| 100 | 1 | |a Škriniar, Pavel, 1979- | |
| 700 | 1 | |a Kmeťko, Miroslav, 1969- | |